000 00207 a2200097 4500
001 14030
100 _aBabrius, V
245 _aAesop's fables
260 _aLondon
_bUniv of chicago
_c
090 _c10987
_d10987
942 _aNUST-CAE
_cM
_c1099
999 _c249103
_d249103